| 000 -LEADER |
| fixed length control field |
00657nam a22001817a 4500 |
| 008 - FIXED-LENGTH DATA ELEMENTS--GENERAL INFORMATION |
| fixed length control field |
150527b xxu||||| |||| 00| 0 eng d |
| 041 0# - LANGUAGE CODE |
| Language code of text/sound track or separate title |
eng |
| 080 ## - UNIVERSAL DECIMAL CLASSIFICATION NUMBER |
| Universal Decimal Classification number |
658 |
| 100 1# - Rafti |
| Rafti |
George, Michael L. |
| 245 10 - TITLE STATEMENT |
| Title |
Conquering complexity in your business : |
| Statement of responsibility, etc |
Michael L. George, Stephen A. Wilson. |
| 260 ## - |
| -- |
New York : |
| -- |
McGraw-Hill, |
| -- |
c2004. |
| 300 ## - |
| -- |
336 p. : |
| -- |
Me il.: |
| -- |
24 cm. |
| 500 ## - |
| -- |
Preface : f: [XI-XVI] |
| 505 ## - |
| -- |
Index: f: [331-336] |
| 650 #0 - |
| -- |
Menagjment |
| 700 1# - |
| -- |
Wilson, Stephen A. |
| -- |
1969- |
| -- |
(Stephen Anthony), |
| 942 ## - ADDED ENTRY ELEMENTS (KOHA) |
| Source of classification or shelving scheme |
|
| Item type |
Books |